El peritaje en materia civil

Na minha lista:
Detalhes bibliográficos
Autor principal: Correa Ferrer, Pablo (autor)
Outros Autores: Santibáñez Torres, María Elena (directora de la colección), Marcazzolo Awad, Ximena (coordinadora), Román Reyes, Paulo (coordinador)
Formato: Desconhecido
Idioma:inglês
Publicado em: Santiago, Chile Rubicón; Facultad de Derecho. Pontificia Universidad Católica de Chile 2020
Edição:1a.edición
Colecção:Colección de Análisis Jurisprudencial
Assuntos:
Tags: Adicionar Tag
Sem tags, seja o primeiro a adicionar uma tag!

MARC

LEADER 00000 a2200000 4500
003 CL-VaPUC
005 20250507143400.0
008 210624b2020 ||||| |||| 00| 0 eng d
999 |c 433220  |d 433218 
020 |a 978-956-9947-41-4 
040 |c Pontificia Universidad Católica de Valparaíso 
082 0 4 |a 347.8306 COR 2020  |2 21 
100 1 |a Correa Ferrer, Pablo  |e autor  |9 861765 
245 1 3 |a El peritaje en materia civil 
250 |a 1a.edición  
260 |a Santiago, Chile   |b Rubicón;  |b Facultad de Derecho. Pontificia Universidad Católica de Chile  |c 2020 
300 |a 191 páginas 
490 0 |a Colección de Análisis Jurisprudencial 
583 |k Cristina Rojas  |c 20210624 
650 1 |a Peritaje  |x Jurisprudencia  |9 862204 
650 1 |a Derecho procesal civil  |z Chile  |9 862205 
700 |a Santibáñez Torres, María Elena  |e directora de la colección  |9 605721 
700 |a Marcazzolo Awad, Ximena   |e coordinadora  |9 861870 
700 |a Román Reyes, Paulo  |e coordinador  |9 861871 
942 |2 ddc  |c BK 
952 |0 0  |1 0  |2 ddc  |4 0  |6 347_830600000000000_COR_2020  |7 0  |8 A  |9 578276  |a BIBDER  |b BIBDER  |d 2021-06-24  |e 22  |g 25011.00  |i 5585406  |o 347.8306 COR 2020  |p 5585406  |r 2023-01-25  |t 1  |v 25011.00  |w 2021-06-24  |y BK  |k DER